Организация фонда образовательных программ ТПУ; Уровневая подготовка специалистов: государственные и международные стандарты инженерного образования

Bibliografiske detaljer
Parent link:Уровневая подготовка специалистов: государственные и международные стандарты инженерного образования.— 2011.— [С. 66-68]
Hovedforfatter: Бабушкина А. Ю. Анастасия Юрьевна
Institution som forfatter: Национальный исследовательский Томский политехнический университет (ТПУ)
Andre forfattere: Меньщикова Е. В.
Summary:Заглавие с титульного листа
Sprog:russisk
Udgivet: 2011
Serier:Эффективное использование ресурсов - приоритет образовательного процесса в исследовательском университете
Fag:
Online adgang:http://www.lib.tpu.ru/fulltext/c/2011/C09/032.pdf
Format: MixedMaterials Electronisk Book Chapter
KOHA link:https://koha.lib.tpu.ru/cgi-bin/koha/opac-detail.pl?biblionumber=231681

MARC

LEADER 00000nla2a2200000 4500
001 231681
005 20231031202917.0
035 |a (RuTPU)RU\TPU\book\252704 
035 |a RU\TPU\book\252644 
090 |a 231681 
100 |a 20130205d2011 k y0rusy50 ca 
101 0 |a rus 
102 |a RU 
105 |a y z 101zy 
135 |a drnn ---uucaa 
181 0 |a i  
182 0 |a b 
200 1 |a Организация фонда образовательных программ ТПУ  |b Электронный ресурс  |f А. Ю. Бабушкина, Е. В. Меньщикова 
203 |a Текст  |c электронный 
215 |a 1 файл (240 Кб) 
225 1 |a Эффективное использование ресурсов - приоритет образовательного процесса в исследовательском университете 
230 |a Электронные текстовые данные (1 файл : 240 Кб) 
300 |a Заглавие с титульного листа 
337 |a Adobe Reader 
463 1 |0 (RuTPU)RU\TPU\book\243018  |t Уровневая подготовка специалистов: государственные и международные стандарты инженерного образования  |o сборник трудов научно-методической конференции, 10-11 марта 2011 г., Томск  |f Национальный исследовательский Томский политехнический университет (ТПУ)  |v [С. 66-68]  |d 2011 
610 1 |a труды учёных ТПУ 
610 1 |a электронный ресурс 
610 1 |a образовательные ресурсы 
610 1 |a организационная деятельность 
610 1 |a фонды 
610 1 |a ТПУ 
700 1 |a Бабушкина  |b А. Ю.  |c программист  |c ведущий программист Томского политехнического университета  |g Анастасия Юрьевна  |2 stltpush  |3 (RuTPU)RU\TPU\pers\26746 
701 1 |a Меньщикова  |b Е. В. 
712 0 2 |a Национальный исследовательский Томский политехнический университет (ТПУ)  |c (2009- )  |2 stltpush  |3 (RuTPU)RU\TPU\col\15902 
801 1 |a RU  |b 63413507  |c 20120830 
801 2 |a RU  |b 63413507  |c 20190226  |g RCR 
856 4 |u http://www.lib.tpu.ru/fulltext/c/2011/C09/032.pdf 
942 |c CF